My own life (Record no. 2963)
[ view plain ]
| 000 -LEADER | |
|---|---|
| fixed length control field | 01220nam a2200301Ia 4500 |
| 100 1# - MAIN ENTRY--AUTHOR NAME | |
| Personal name | Hume, David, |
| 245 10 - TITLE STATEMENT | |
| Title | My own life |
| 260 ## - PUBLICATION, DISTRIBUTION, ETC. (IMPRINT) | |
| Place of publication | [South Bend, IN] : |
| Name of publisher | Infomotions, Inc. ; |
| Place of publication | [Martin, Tenn.] : |
| Name of publisher | University of Tennessee, |
| Year of publication | 2001. |
| 300 ## - PHYSICAL DESCRIPTION | |
| Number of Pages | 8 p. |
| 500 ## - GENERAL NOTE | |
| General note | "Working draft by James Fieser, 5/1/95." |
| 650 #0 - SUBJECT ADDED ENTRY--TOPICAL TERM | |
| Topical Term | Philosophers |
| 700 1# - ADDED ENTRY--PERSONAL NAME | |
| Personal name | Fieser, James. |
| 856 40 - ELECTRONIC LOCATION AND ACCESS | |
| Uniform Resource Identifier | http://site.ebrary.com/lib/rucke/Doc?id=5000746 |
No items available.
